El Señor de toda la tierra : (Registro nro. 50409)
[ vista simple ]
| 000 -LÍDER | |
|---|---|
| Campo fijo de descripción fija | 01571aab a2200205 4500 |
| 001 - NÚMERO DE CONTROL | |
| Campo de control | 768714001 |
| 003 - IDENTIFICADOR DEL NÚMERO DE CONTROL | |
| Campo de control | CO-MdFUSB |
| 005 - FECHA Y HORA DE LA ULTIMA TRANSACCIÓN | |
| control field | 20250306164543.0 |
| 008 - ELEMENTOS DE LONGITUD FIJA -- INFORMACIÓN GENERAL | |
| Campo fijo de descripción fija -- Información general | 170825b1990 Cr ||||| |||| 00| 0 spa d |
| 040 ## - FUENTE DE CATALOGACIÓN | |
| Agencia Catalogadora | CO-MdFUSB |
| Idioma de catalogación | spa |
| Agencia que realiza la transcripción | CO-MdFUSB |
| Agencia que realiza la modificación | CO-MdFUSB |
| 041 ## - CÓDIGO DE IDIOMA | |
| Código de idioma para texto/pista de sonido o título separado | spa |
| 100 1# - ASIENTO PRINCIPAL--NOMBRE PERSONAL | |
| Nombre personal | Simpson, Charles |
| Término relacionador | autor |
| 245 10 - TÍTULO | |
| Título | El Señor de toda la tierra : |
| Subtitulo | una perspectiva para esta década y más allá |
| Mención de responsabilidad | / Charles Simpson |
| 300 ## - DESCRIPCIÓN FÍSICA | |
| Extensión | Volumen 1. Número 18 (1990), páginas 310-312 |
| Dimensiones | : 28 cm. |
| 520 ## - NOTA DE RESUMEN, ETC. | |
| Nota de sumario, etc. | En el texto, Charles Simpson reflexiona sobre la misión cristiana y la soberanía de Jesucristo sobre todas las naciones. Jesús, al dar la gran comisión a sus discípulos, dejó claro que Él ya es el Señor de toda la tierra y que la misión no es hacerle Señor, sino enseñar a las naciones sobre Él y sus caminos. Simpson destaca que, a través del Espíritu Santo, los discípulos fueron capacitados para ir a las naciones, superando la mentalidad de esperar que las personas vinieran a ellos. El texto resalta que el propósito de Dios es que su iglesia alcance todas las naciones, no desde una actitud posesiva, sino con una disposición de adaptarse y compartir el mensaje de Cristo. También se menciona el crecimiento de la iglesia en diversas regiones del mundo y la importancia de seguir adelante con la misión, confiando en que Cristo ya está obrando en esos lugares. |
| 650 #0 - ASIENTO SECUNDARIO DE MATERIA - TERMINO TEMÁTICO | |
| Término temático o nombre geográfico como elemento de entrada | Misiones |
| 9 (RLIN) | 154 |
| 773 0# - ASIENTO DE ITEM FUENTE | |
| Título | Conquista Cristiana |
| Biblionumber | 49446 |
| Itemnumber | 60339 |
| Parte(s) relacionada(s) / Volumen., número. (mes año), páginas | Volumen 1. Número 18 (1990), páginas 310-312 |
| Enumeración y primera página | Página 310 |
| 942 ## - TIPO DE MATERIAL (KOHA) | |
| Tipo de Item KOHA | Artículos de Revista |
| 945 ## - INFORMACIÓN LOCAL DEL REGISTRO | |
| Catalogador | JTF-925 |
No hay ítems disponibles.
